Jurnal Pendidikan Malaysia, Jilid 34 Mei 2009 = Malaysian Journal of Education, Volume 34 May 2009
| Format: | Book |
|---|---|
| Published: |
Selangor :
UKM ,
2009
|
| Subjects: |
MARC
| LEADER | 00000cam a2200000 7i4500 | ||
|---|---|---|---|
| 001 | 0000028366 | ||
| 005 | 20110304.0 | ||
| 008 | 091203 | ||
| 022 | 0 | |a 01266020 | |
| 090 | 0 | 0 | |a 370.05 |b JUR |
| 245 | 1 | 0 | |a Jurnal Pendidikan Malaysia, Jilid 34 Mei 2009 = Malaysian Journal of Education, Volume 34 May 2009 |
| 260 | |a Selangor : |b UKM , |c 2009 | ||
| 362 | 0 | |a Jil.34, bil 1 (Mei 2009) | |
| 650 | 0 | |a Education and state |z Malaysia |x Periodicals | |
| 999 | |a 0001081262 |b Book |c REFERENCE |e Perbadanan Perpustakaan Awam Johor | ||